Alle Torschützen für Blau-Weiß Merzen seit der Saison 10/11 - Statistiken

Allgemein
  • Dieses Quiz wurde 37 mal gespielt
  • Das Durchschnittsergebnis liegt bei 31 aus 62
Antwortstatistiken
Anzahl Tore Löwe % Korrekt
2 Christian Holstein
94%
10 Daniel Holstein
94%
127 Marcel Holstein
94%
179 Andreas Reinik
91%
11 Markus Geers
91%
114 Mathias Geers
91%
1 Thomas Geers
91%
76 Fabian von der Haar
88%
21 Simon von der Haar
88%
37 Felix Diekmann
79%
2 Lucas Plog
79%
13 Yannick Plog
79%
13 Dennis Wessling
76%
3 Jonas Reuter
76%
50 Marlon Hörnschemeyer
76%
44 Michael Rechtien
76%
2 Justus Dirkes
74%
35 Martin Dirkes
74%
2 Timo Kenning
71%
40 Daniel Vennemeyer
68%
4 Julian Lohbeck
68%
8 Stefan Lohbeck
68%
24 Burhan Akbulut
65%
2 Arthur Singer
62%
13 Jonas Baumann
62%
31 Malte Baumann
62%
5 Marius Hüllemeyer
62%
3 Joel Jursch
59%
3 Martin Zang
59%
47 Florian Strothmann
56%
7 Lutz Hölker
50%
5 Brandan Siek
47%
21 David Heeger
47%
11 Lars Wulf
38%
3 Raphael Kaunas
38%
5 Viktor Patzer
38%
9 Yannick Exner
38%
8 Andreas Merse
35%
4 Florian Busch
35%
1 Maximilian Feldmann
35%
1 Michael Summe
35%
5 Philip Opitz
35%
3 Dominik Wagenknecht
32%
3 Henrik Strunk
32%
3 Marcel Tekly
32%
10 Florian Kaboth
29%
1 Julius Hamelmann
29%
8 Martin Wolke
29%
1 Jannek Bleek
26%
1 Nicolas Schawe
26%
2 Nico Nehls
21%
5 Florian Lager
18%
2 Thomas Grünebaum
18%
2 David Schulterobben
15%
4 Thorsten Küthe
15%
1 Dominik Berger
12%
5 Dominik von den Benken
12%
1 Kristian Klepow
12%
2 Michael May
12%
2 Vitalij Böll
12%
1 Ralf Balzis
6%
1 Oleg Braun
3%
Keine übereinstimmenden Quizze gefunden
Verteilung der Resultate
Anzahl Personen mit jedem Resultat
Perzentil nach korrekt beantworteten Fragen
Ihre Resultats-Entwicklung
Sie haben dieses Quiz noch nicht gespielt